Central Library OPAC University of Rajshahi

Goethe's Faust, parts I and II. / (Record no. 19996)

MARC details
000 -LEADER
fixed length control field 00886cam a22002772a 4500
001 - CONTROL NUMBER
control field 19996
003 - CONTROL NUMBER IDENTIFIER
rucl marc code UkOxU
005 - DATE AND TIME OF LATEST TRANSACTION
control field 20211209000516.0
008 - FIXED-LENGTH DATA ELEMENTS--GENERAL INFORMATION
fixed length control field 140226s1954 enk b 000 0 eng d
035 ## - SYSTEM CONTROL NUMBER
System control number BD-RjUL)20057
040 ## - CATALOGING SOURCE
Original cataloging agency DLC
Transcribing agency MOL
Modifying agency OCL
-- BD-RjUL
Language of cataloging eng
041 ## - LANGUAGE CODE
Language code of text/sound track or separate title eng
082 04 - DEWEY DECIMAL CLASSIFICATION NUMBER
Classification number 832.62
Author mark and year GOT 1954
245 10 - TITLE STATEMENT
Title Goethe's Faust, parts I and II. /
Statement of responsibility, etc. transl. by Theodore Martin, revised, with introduction and notes, by W. H. Bruford.
260 ## - PUBLICATION, DISTRIBUTION, ETC. (IMPRINT)
Place of publication, distribution, etc. London :
Name of publisher, distributor, etc. Dent ;
Place of publication, distribution, etc. New York :
Name of publisher, distributor, etc. Dutton,
Date of publication, distribution, etc. 1954
300 ## - PHYSICAL DESCRIPTION
Pagination xix, 416 p. ;
Size 19 cm
490 1# - SERIES STATEMENT
Series statement Everyman's library ;
Volume/sequential designation 335
504 ## - BIBLIOGRAPHY, ETC. NOTE
Bibliography, etc Bibliography: p. xiii
650 #1 - SUBJECT ADDED ENTRY--TOPICAL TERM
Topical term or geographic name as entry element Goethe's Faust
9 (RLIN) 61464
700 1# - ADDED ENTRY--PERSONAL NAME
Personal name Martin, Theodore,
Dates associated with a name 1816-1909.
Personal name Bruford, Walter Horace,
Dates associated with a name 1894-1988
830 #0 - SERIES ADDED ENTRY--UNIFORM TITLE
Volume number/sequential designation 335
830 #0 - SERIES ADDED ENTRY--UNIFORM TITLE
Uniform title Everyman's library ;
942 ## - ADDED ENTRY ELEMENTS (KOHA)
Source of classification or shelving scheme Dewey Decimal Classification
Koha item type Books
Holdings
Lost status Source of classification or shelving scheme Damaged status Not for loan Collection code Permanent Location Current Location Shelving location Date acquired Source of acquisition Cost, normal purchase price Total Checkouts Full call number Date last seen Copy number Koha item type
  Dewey Decimal Classification   Not For Loan Non-fiction Central Library, University of Rajshahi Central Library, University of Rajshahi Reading Room 24/08/1955 B.H.Black Well 0.68   832.62 GOE 1954 26/02/2014 C-1 Books